000 01067am a2200373a 44500
003 AR-BaBNM
005 20251128204733.0
008 075119s1972 #AR|||||||||||000 | esp||
020 _a84-281-0020-9
040 _cAR-BaBNM
245 1 0 _aIntroducción a la pedagogía
250 _a1ª ed.
260 _aBarcelona
_bOikos-tau
_c1972
300 _a231 p.
_bgráfs., cuadros
490 0 _aTratado de ciencias pedagógicas
_vv. 1
500 _aAnexos: p. 217-231
504 _aContiene referencias bibliográficas
650 4 _aCIENCIAS DE LA EDUCACION
650 4 _aFILOSOFIA DE LA EDUCACION
650 4 _aFILOSOFIA POLITICA
650 4 _aTEORIAS DE LA EDUCACION
650 4 _aPEDAGOGIA
650 4 _aINVESTIGACION EXPERIMENTAL
653 _aINVESTIGACION EDUCATIVA
700 1 _aBest, Francine
700 1 _aDebesse, Maurice
700 1 _aDottrens, Robert
700 1 _aLéveque, Raphael
700 1 _aMialaret, Gaston
800 1 _aDebesse, Maurice
_edirector
800 1 _aMialaret, Gastón
_edirector
942 _cBK
998 _cGrace
999 _c8626
_d8626